| 000 | 00934cab a22001935a 4500 | ||
|---|---|---|---|
| 001 | L147654 | ||
| 008 | 090603e20090529xxkd f 000 0 eng d | ||
| 035 | _a(Sirsi) u147654 | ||
| 041 | 0 | _aeng | |
| 100 | 1 | _aNeale, Jon | |
| 245 | 0 | 0 | _aSeaside effects |
| 260 | _c2009 | ||
| 490 | 0 |
_aProperty Week _v75(22) 29 May 2009, 34(1) |
|
| 520 | _aHighlights the fall in residential land values as well as house prices in South West England, a diverse region covering prosperous cities such as Bristol as well as deprived locations such as Plymouth and Gloucester. The region's land market remains in stasis. Vendor interest is beginning to increase and the biggest buyer groups are housing associations. Commercial developer interest is stronger at the bottom end of the land market. Charts. | ||
| 590 | _aKA | ||
| 651 | 4 |
_aSouth West (England) _y1994- |
|
| 690 | _aPROPERTY-RESIDENTIAL PROPERTY-RESIDENTIAL PROPERTY MARKET | ||
| 942 | _n0 | ||
| 999 |
_c81599 _d81599 |
||